000 00926cam a2200253 i 4500
999 _c120102
_d120102
001 17126390
005 20201114122240.0
008 120119r20121910txua 000 0 eng
020 _a9781595341297 (pbk.)
040 _cPK-LaUMT
082 0 0 _a711.4097468
_223
_bOLM-P
100 _aOlmsted Jr , Frederick Law
245 0 4 _aThe plan for New Haven /
_cby Frederick Law Olmsted Jr. and Cass Gilbert ; Preface by Vincent J. Scully ; Introduction by Alan J. Plattus ; Afterword by Douglas W. Rae
260 _aSan Antonio :
_bTrinity University Press,
_c2012
300 _axvi, 141 p. :
_billustrations ;
_c28 cm
650 0 _aCity planning
_zConnecticut
_zNew Haven.
650 7 _aARCHITECTURE / History / Modern (late 19th Century to 1945).
700 1 _aOlmsted, Frederick Law,
700 1 _aGilbert, Cass,
700 1 _aScully, Vincent,
700 1 _aPlattus, Alan J.,
700 1 _aRae, Douglas W.,
942 _cBK